| 000 | 00585nam a2200205 a 4500 | ||
|---|---|---|---|
| 003 | OSt | ||
| 005 | 20260422102856.0 | ||
| 008 | 930521s1993 ii abf b 001 0 eng | ||
| 020 | _a8185094608 | ||
| 040 |
_cHDL _bENG |
||
| 082 | 0 | 0 | _a282.5113 N3 |
| 100 | 1 |
_aManna, Sibendu, _91235337 |
|
| 245 | 1 | 0 |
_aMother goddess Caṇḍī : _bits socio ritual impact on the folk life / _cSibendu Manna. |
| 250 | _a1st ed. | ||
| 260 |
_aCalcutta : _bPunthi Pustak, _c1993. |
||
| 300 | _axvi, 279p. | ||
| 651 | 0 |
_aWest Bengal (India) _91235338 |
|
| 942 |
_2CC _cTEXL _n0 |
||
| 999 |
_c1848363 _d1848363 |
||